02311cam a2200385 i 4500003000900000005001700009007000300026008004100029020001800070040003000088082001400118100003400132240003700166245007500203250001900278264005100297300002600348336002700374337003400401338002800435490001300463500003500476500002500511504002800536520085600564590002701420651007101447651005601518700004301574910001401617942001401631952012401645952013901769999001701908DO-SdBNP20240301180540.0ta751003s2014 sp 000 0 spa d a9788420687353 aDO-SdBNPbspacBNPHUerda bM392e2221 aMarx, Karl,d1818-188393043910aRevolutionary spain /lEspañol13aLa España revolucionaria /cKarl Marx ; edición Jorge del Palacio  a2a. edición  1aMadrid, España :bAlianza editorial, c2014. a194 páginasc18 cm. 2rdacontentatextobtxt 2rdamediaasin mediación bn 2rdacarrieravolumenbnc1 aHistoria aIncluye Índice analítico.  aEl libro de bolsillo aBibliografía p: 23-27 aEl pronunciamiento liberal de 1854, conocido como "la Vicalvarada", provocó que la política española llamase la atención de la opinión pública estadounidense, interesada en saber si los cambios en la metrópoli podían afectar a sus colonias de América. Es así como Karl Marx, corresponsal del periódico New York Daily Tribune en Europa, dirige su mirada a nuestra país, escribiendo un total de 27 artículos periodísticos entre julio de 1854 y junio de 1857. Entre ellos destaca la serie de nueve que compone La España revolucionaria que aquí se presenta. En ella Marx ofrece su particular visión de las características politícas de la revolución liberal española. La presente edición cuenta con el apoyo de un glosario para conocer a los personajes, instituciones y hechos históricos a los que Marx alude.  aInventariado, 2023/ YL 4aEspañaxHistoriay1808-1814 (Guerra de la Independencia)|984409 4aEspañaxHistoriay1814-1833 (Fernando VII)9844101 aPalacio, Jorge del eedición 942669 aYlockward 2ddccLBS1 00102ddc56708GRaBNPHUbBNPHUcCTd2019-02-02eLibrería Cuestal0oM392ep2023-6738r2023-10-06w2023-10-06yLBS1 00102ddc56708GRaBNPHUbBNPHUcCTd2019-02-02eLibrería Cuestal0oBNPHU GR M392ep2023-6739r2023-10-06te. 2w2023-10-06yLBS1 c55105d55105